000 01010nam a2200277Ia 4500
003 OSt
005 20221005111751.0
006 a|||||r|||| 00| 0
007 ta
008 221004b |||||||| |||| 00| 0 hin d
020 _a9788189868666 (hbk)
_c450
024 _a122057
037 _b13325, 14/07/2012, Kitab Ghar
_cTextual
040 _aCRL
_cCRL
_bhin
041 _2hin
_ahin
082 _aY15v, 152P9
100 _aमारगन, एलीन
245 0 _aनारी का अवतरण
246 _aNārī kā avataraṇa
260 _aमुबंई
_bसंवाद प्रकाशन भारत
_c2009
300 _a245पृ0
_ccm.
650 _aभारतीय-लोक साहित्य
700 _a दीक्षित, प्रकाश, अनु.
942 _hY15v, 152P9
_cTEXL
_2cc
999 _c1022825
_d1022825